[Event "ROM-ch U12"]
[Site "Calimanesti"]
[Date "2014.04.13"]
[Round "9"]
[White "Buga, Andru Mihai"]
[Black "Dumitrache, Flavian"]
[Result "1-0"]
[WhiteElo "1540"]
[BlackElo "1310"]
[PlyCount "55"]
[EventDate "2014.04.06"]
[EventType "swiss"]
[EventRounds "9"]
[EventCountry "ROU"]
[SourceTitle "CBM 160 Extra"]
[Source "ChessBase"]
[SourceDate "2014.07.01"]
[SourceVersion "1"]
[SourceVersionDate "2014.07.01"]
[SourceQuality "1"]

1. c4 e6 2. d4 d5 3. Nc3 Be7 4. Nf3 Nf6 5. Bg5 h6 6. Bh4 0-0 7. e3 b6 8. Rc1 Bb7 9. Bd3 dxc4 10. Bxc4 Nbd7 11. 0-0 c5 12. dxc5 Nxc5 13. Nd4 Rc8 14. Qe2 Qd7 15. Rfd1 Qc7 16. Bg3 Qd8 17. Nxe6 Qe8 18. Nxf8 Bxf8 19. Nd5 Nxd5 20. Bxd5 Bxd5 21. Rxd5 Ne4 22. Rcd1 Nxg3 23. hxg3 Qc6 24. Qd3 Qa8 25. Rd8 Rxd8 26. Qxd8 Qxd8 27. Rxd8 f6 28. Kf1 1-0

[Event "ROM-ch U12"]
[Site "Calimanesti"]
[Date "2014.04.11"]
[Round "7"]
[White "Dumitrache, Flavian"]
[Black "Petrache, Flavius Gabriel"]
[Result "1/2-1/2"]
[WhiteElo "1310"]
[BlackElo "1567"]
[PlyCount "53"]
[EventDate "2014.04.06"]
[EventType "swiss"]
[EventRounds "9"]
[EventCountry "ROU"]
[SourceTitle "CBM 160 Extra"]
[Source "ChessBase"]
[SourceDate "2014.07.01"]
[SourceVersion "1"]
[SourceVersionDate "2014.07.01"]
[SourceQuality "1"]

1. d4 d5 2. c4 e6 3. Nc3 Nf6 4. cxd5 exd5 5. Bg5 Be7 6. e3 0-0 7. Bd3 h6 8. Bh4 Re8 9. Nge2 Nbd7 10. 0-0 c6 11. f3 Nb6 12. Qe1 Qc7 13. Kh1 Nfd7 14. Bxe7 Rxe7 15. Qf2 Nf6 16. Ng3 Be6 17. Rad1 Rae8 18. Rfe1 Rd8 19. Bb1 Nc4 20. e4 dxe4 21. fxe4 Bg4 22. Rd3 Qb6 23. b3 Na3 24. h3 Nxb1 25. Rxb1 Be6 26. Re1 a6 27. Rdd1 1/2-1/2

[Event "ROM-ch U12"]
[Site "Calimanesti"]
[Date "2014.04.06"]
[Round "1"]
[White "Dumitrache, Flavian"]
[Black "Secrieru, Andrei Cristian"]
[Result "1/2-1/2"]
[WhiteElo "1310"]
[BlackElo "1658"]
[PlyCount "59"]
[EventDate "2014.04.06"]
[EventType "swiss"]
[EventRounds "9"]
[EventCountry "ROU"]
[SourceTitle "CBM 160 Extra"]
[Source "ChessBase"]
[SourceDate "2014.07.01"]
[SourceVersion "1"]
[SourceVersionDate "2014.07.01"]
[SourceQuality "1"]

1. d4 d5 2. c4 e6 3. Nc3 c5 4. dxc5 d4 5. Ne4 Bxc5 6. Nxc5 Qa5+ 7. Bd2 Qxc5 8. e3 Nc6 9. Nf3 Nge7 10. exd4 Nxd4 11. Bc3 Nxf3+ 12. Qxf3 f6 13. Be2 Qf5 14. 0-0 Qxf3 15. Bxf3 0-0 16. Rad1 e5 17. Rd2 Be6 18. b3 Bc8 19. Bb4 Re8 20. Bxe7 Rxe7 21. Rd8+ Kf7 22. Bg4 Rc7 23. Bf3 g6 24. Rfd1 f5 25. g3 e4 26. Bg2 b6 27. Rh8 Kf6 28. Rdd8 Ke5 29. Rhe8+ Kf6 30. h4 1/2-1/2